| 000 | 00952nam a2200277 a 4500 | ||
|---|---|---|---|
| 001 | 35173 | ||
| 003 | BD-RjUL | ||
| 005 | 20211209052255.0 | ||
| 008 | 140521s1992 ii ab b 001 0 eng | ||
| 020 | _a8170223679 | ||
| 035 | _a(BD-RjUL)35267 | ||
| 040 |
_aDLC _cDLC _dDLC _dBD-RjUL _beng |
||
| 041 | _aeng | ||
| 082 | 0 | 0 |
_a302.23 _220 _bOJC 1992 |
| 100 | 1 |
_aOjha, J. M., _d1928- _9107136 |
|
| 245 | 1 | 0 |
_aCultural communication in India : _brole and impact of phonograms / _cJ.M. Ojha. |
| 260 |
_aNew Delhi : _bConcept Pub. Co., _c1992. |
||
| 300 |
_a168 p. : _bill. ; _c23 cm. |
||
| 504 | _aIncludes bibliographical references (p. [161]-162) and index. | ||
| 650 | 0 |
_aSound recording industry _xSocial aspects _zIndia. _9107137 |
|
| 650 | 0 |
_aSound recordings _xSocial aspects _zIndia. _9107138 |
|
| 942 |
_2ddc _cBK |
||
| 999 |
_c35173 _d35173 |
||